| 000 | 00818nam a2200301Ia 4500 | ||
|---|---|---|---|
| 008 | 170203s9999 xx 000 0 und d | ||
| 020 | _a0-395389496 | ||
| 050 | _aFic | ||
| 050 | _bA416p | ||
| 100 | _aAllsburg, Chris Van. | ||
| 245 | 4 | _aThe polar express / | |
| 245 | _cwritten and illustrated by Chris Van Allsburg. | ||
| 260 | _aBoston : | ||
| 260 | _bHoughton Mifflin, | ||
| 260 | _c1985 | ||
| 300 | _a32 unnumbered pages : | ||
| 300 | _bcolor illustrations ; | ||
| 300 | _c24 x 30 cm | ||
| 650 | _aBelief and doubt -- | ||
| 650 | _aChildren -- | ||
| 650 | _aChristmas stories. | ||
| 650 | _aPassenger trains -- | ||
| 650 | _aVoyages and travels -- | ||
| 650 | _xJuvenile fiction. | ||
| 650 | _xJuvenile fiction. | ||
| 650 | _xJuvenile fiction. | ||
| 650 | _xJuvenile fiction. | ||
| 999 |
_c306350 _d306350 |
||